00631nam a22001937a 4500003000400000005001700004008004100021020001800062040001000080082002000090245006400110260006100174300002600235500002000261650004800281650003100329710003200360710004500392OSt20150408114216.0140511s2013 enk f 001 0 eng d a9780857110848 aMa-Un00222a615.13bBRN00aBritish national formulary.nBNF March 2013-September 2013. aLondon :bPharmaceutical Society of Great Britain,c2013 a1102, 14 p. ;c22 cm. aIncludes index. aMedicinevFormulae, receipts, prescriptions aFormularieszGreat Britain aBritish Medical Association a Pharmaceutical Society of Great Britain